000 00849 aa a2200217 4500
005 20120618113721.0
010 _a
020 _c95.00
_a817621129x
035 _aB-145751
037 _bpub
082 _a615.822
100 _aबहल, आई.पी.
_949236
245 _aएक्यूप्रेशरः अपने पैरों की बात सुनें /
_cआई.पी.बहल
246 _a
_b
260 _aनई दिल्ली
_bफुल सर्कल पब्लिशिंग
_c2006
270 _a
_b
_e
300 _a216पृ
_c22 सेमी (अजिल्द)
490 _a
_949237
942 _adpl
_cHN
_k
_2ddc
_h615.822
_mबहल
999 _c68028
_d68028